Formula 1 - drivers who won from different grid positions - Statistics

General Stats
  • This quiz has been taken 122 times
  • The average score is 11 of 14
Answer Stats
# Positions Latest Win Driver % Correct
10 1, 2, 3, 4, 6, 7, 9, 10, 14, 17 2025 Max Verstappen
100%
8 1, 2, 3, 4, 5, 6, 10, 14 2024 Lewis Hamilton
96%
8 1, 2, 3, 4, 6, 7, 10, 17 2018 Kimi Räikkönen
90%
8 1, 2, 3, 4, 5, 6, 7, 16 2006 Michael Schumacher
90%
9 1, 2, 3, 4, 5, 6, 8, 11, 15 2013 Fernando Alonso
89%
7 1, 2, 3, 4, 5, 6, 13 1993 Alain Prost
85%
7 1, 2, 3, 4, 5, 7, 14 2012 Jenson Button
80%
8 1, 2, 3, 4, 5, 8, 9, 10 1985 Niki Lauda
74%
7 1, 2, 3, 4, 5, 6, 12 1994 Nigel Mansell
72%
8 1, 2, 3, 4, 5, 6, 7, 8 1991 Nelson Piquet
70%
7 1, 2, 3, 4, 5, 6, 16 1973 Jackie Stewart
67%
8 1, 2, 3, 4, 5, 6, 7, 11 2003 David Coulthard
66%
7 1, 2, 3, 4, 5, 6, 7 1975 Emerson Fittipaldi
64%
7 1, 2, 3, 5, 7, 8, 12 1978 Ronnie Peterson
33%
No matching quizzes found
Score Distribution
Percent of People with Each Score
Percentile by Number Answered
Your Score History
You have not taken this quiz